Државе Европе пре Првог светског рата - Statistics

General Stats
  • This quiz has been taken 483 times
  • The average score is 24 of 25
Answers on the Map
Answers color-coded by a green-red scale on the quiz's map according to % correct below.
 
Answer Stats
Држава % Correct
Француска
98%
Италија
98%
Албанија
97%
Грчка
97%
Португалија
97%
Русија
97%
Србија
97%
Шпанија
97%
Уједињено Краљевство
97%
Бугарска
96%
Данска
96%
Немачка
96%
Црна Гора
96%
Румунија
96%
Белгија
95%
Норвешка
95%
Холандија
94%
Шведска
94%
Швајцарска
93%
Аустроугарска
91%
Андора
90%
Луксембург
90%
Сан Марино
90%
Монако
88%
Лихтенштајн
83%
No matching quizzes found
Score Distribution
Percent of People with Each Score
Percentile by Number Answered
Your Score History
You have not taken this quiz